000 01399cam a22002291 4500
001 ne 63000254
003 DLC
005 20260227111741.0
008 840626s1948 ua abcf r 000 0 arar
010 _ane 63000254
035 _a(OCoLC)10886481
040 _aDLC
_cTxU
_dTxU
_dDLC
042 _apremarc
050 0 0 _aDS44
_b.Z3
100 1 _aZakī, ʻAbd al-Raḥmān.
245 1 3 _aal-Sharq al-Awsaṭ,
_bdirāsah shāmilah li-buldānahu wa-aḥwālahu al-iqtiṣādīyah wa-al-istirātījīyah
_c[taʼlīf] ʻAbd al-Raḥmān Zakī.
260 _a[al-Qāhirah]
_bMaktabat al-Nahḍah al-Miṣrīyah [tārīkh al-muqaddamah,
_c1948]
300 _a7, 266 p.
_billus., 2 col. plates, ports., maps (part fold.) tables.
_c24 cm.
505 0 _aal-Sharq al-Awsaṭ -- Mamlakat Miṣr -- al-Sūdān -- al-Mamlakah al-ʻArabīyah al-Saʻūdīyah -- al-Yaman -- Imārāt al-Jazīrat al-ʻArabīyah -- Imbarāṭūrīyat Īrān -- Mamlakat al-ʻIrāq Jūmhurīyat Turkyā Jumhūrīyat Sūrīyā Jumhūrīyat Lubnān -- al-Mamlakah al-Urdunīyah al-Hāshimīyah -- Filasṭīn -- Afrīqīyā al-Shamālīyah -- Lībyā -- Tūnis -- al-Jazāʼir -- Marākish -- Mulūk wa-ruʼasāʼ duwal al-Sharq al-Awsaṭ --Rijāl al-buldān al-Sharq al-Awsaṭ -- Maktabat al-Shuʼūn al-ʻArabīyah bi-Amrīkā -- Marājiʻ al-kitāb.
651 0 _aMiddle East
_vDirectories.
651 0 _aAfrica, North
_vDirectories.
999 _c45534
_d45534